[Event "Niedersachsen-ch op C"]
[Site "Verden"]
[Date "2018.01.07"]
[Round "7"]
[White "Ter Stal, Danja Yvonne"]
[Black "Diederichs, Karl"]
[Result "0-1"]
[WhiteElo "1093"]
[BlackElo "1010"]
[PlyCount "70"]
[EventDate "2018.01.04"]
[EventType "swiss"]
[EventRounds "7"]
[EventCountry "GER"]
[SourceTitle "EXT 2022"]
[Source "ChessBase"]
[SourceDate "2021.10.06"]
[SourceVersion "1"]
[SourceVersionDate "2021.10.06"]
[SourceQuality "1"]

1. Nf3 g6 2. g3 Bg7 3. Bg2 d5 4. 0-0 e5 5. d3 Nc6 6. e4 dxe4 7. dxe4 Bg4 8. h3 Qxd1 9. Rxd1 Bxf3 10. Bxf3 Nd4 11. Nd2 Nxc2 12. Rb1 Nd4 13. Bg2 c5 14. Kf1 b6 15. Nf3 Rd8 16. Nxd4 exd4 17. Bf4 Ne7 18. g4 0-0 19. b4 h6 20. bxc5 bxc5 21. Rb7 Rfe8 22. Rxa7 Ra8 23. Rxa8 Rxa8 24. Bd6 Nc6 25. Bxc5 Ra5 26. Bb6 Rxa2 27. Ke1 Rb2 28. Bc5 Rb5 29. Rc1 d3 30. Kd2 Ne5 31. f4 Nd7 32. Be3 Bb2 33. Re1 Rb3 34. Kd1 Bc3 35. Kc1 Bxe1 0-1

[Event "Niedersachsen-ch op C"]
[Site "Verden"]
[Date "2018.01.04"]
[Round "1"]
[White "Evering, Enna"]
[Black "Ter Stal, Danja Yvonne"]
[Result "1/2-1/2"]
[WhiteElo "1357"]
[BlackElo "1093"]
[PlyCount "42"]
[EventDate "2018.01.04"]
[EventType "swiss"]
[EventRounds "7"]
[EventCountry "GER"]
[SourceTitle "EXT 2022"]
[Source "ChessBase"]
[SourceDate "2021.10.06"]
[SourceVersion "1"]
[SourceVersionDate "2021.10.06"]
[SourceQuality "1"]

1. e4 e6 2. d4 d5 3. Nc3 Bb4 4. Bd3 Ne7 5. Nf3 a6 6. 0-0 Bxc3 7. bxc3 b6 8. exd5 exd5 9. Re1 0-0 10. Ba3 Re8 11. Qe2 Nbc6 12. Ne5 Be6 13. Qh5 f5 14. Re3 Nxe5 15. dxe5 c5 16. Rh3 h6 17. Rg3 Bf7 18. Qxh6 Ng6 19. Qh3 Nf4 20. Qxf5 Nxd3 21. cxd3 Qh4 1/2-1/2

[Event "Niedersachsen-ch op-B"]
[Site "Verden"]
[Date "2015.01.04"]
[Round "5"]
[White "Nietsch, Felix"]
[Black "Ter Stal, Danja Yvonne"]
[Result "1-0"]
[WhiteElo "1212"]
[BlackElo "987"]
[PlyCount "65"]
[EventDate "2015.01.02"]
[EventType "swiss"]
[EventRounds "7"]
[EventCountry "GER"]
[SourceTitle "EXT 2018"]
[Source "ChessBase"]
[SourceDate "2017.10.13"]
[SourceVersion "1"]
[SourceVersionDate "2017.10.13"]
[SourceQuality "1"]

1. d4 e6 2. c4 Nf6 3. Nc3 Bb4 4. Bd2 0-0 5. Nf3 d5 6. cxd5 exd5 7. e3 Re8 8. Bd3 h6 9. 0-0 Bg4 10. h3 Bh5 11. a3 Bd6 12. Ne2 Bxf3 13. gxf3 Qd7 14. Kg2 c5 15. dxc5 Bxc5 16. b4 Bd6 17. Nd4 Nc6 18. Nxc6 bxc6 19. Qc2 Re5 20. f4 Rh5 21. Rh1 Re8 22. Rac1 Rc8 23. Bc3 Qe6 24. Bxf6 Qxf6 25. Be2 Qg6+ 26. Qxg6 fxg6 27. Bxh5 gxh5 28. Rc2 Re8 29. Rxc6 Be7 30. Rd1 Rd8 31. Rc7 Bf6 32. Rxa7 Re8 33. Rxd5 1-0

[Event "Niedersachsen-ch op-B"]
[Site "Verden"]
[Date "2014.01.02"]
[Round "2"]
[White "Arens, Janik"]
[Black "Ter Stal, Danja Yvonne"]
[Result "1-0"]
[WhiteElo "1200"]
[BlackElo "790"]
[PlyCount "25"]
[EventDate "2014.01.02"]
[EventType "swiss"]
[EventRounds "7"]
[EventCountry "GER"]
[SourceTitle "EXT 2016"]
[Source "ChessBase"]
[SourceDate "2015.10.08"]
[SourceVersion "1"]
[SourceVersionDate "2015.10.08"]
[SourceQuality "1"]

1. e4 e6 2. d4 d5 3. exd5 exd5 4. Bd3 Bd6 5. Be3 Nf6 6. c3 Na6 7. Nf3 0-0 8. Qc2 h6 9. Nbd2 Re8 10. h3 b6 11. Qa4 Bb7 12. Bxa6 Bc6 13. Qxc6 1-0

[Event "Niedersachsen-ch op-B"]
[Site "Verden"]
[Date "2014.01.02"]
[Round "1"]
[White "Ter Stal, Danja Yvonne"]
[Black "Helmer, Andreas"]
[Result "0-1"]
[WhiteElo "790"]
[BlackElo "1718"]
[PlyCount "68"]
[EventDate "2014.01.02"]
[EventType "swiss"]
[EventRounds "7"]
[EventCountry "GER"]
[SourceTitle "EXT 2016"]
[Source "ChessBase"]
[SourceDate "2015.10.08"]
[SourceVersion "1"]
[SourceVersionDate "2015.10.08"]
[SourceQuality "1"]

1. d4 Nf6 2. Nc3 d5 3. Bf4 a6 4. f3 Bf5 5. Qd2 e6 6. g4 Bg6 7. Bg5 c5 8. e4 cxd4 9. Qxd4 Nc6 10. Qd2 Be7 11. 0-0-0 dxe4 12. Bxf6 Qxd2+ 13. Rxd2 Bxf6 14. Nxe4 Bxe4 15. fxe4 Bg5 16. Nf3 Bxd2+ 17. Nxd2 Rc8 18. Nc4 Ke7 19. Bd3 Nb4 20. Be2 Nxa2+ 21. Kb1 Nb4 22. c3 Nc6 23. Nb6 Rcd8 24. Nc4 b5 25. Nb6 Rd2 26. Re1 Rhd8 27. Kc1 Ne5 28. Nc8+ Kf8 29. h4 R2d7 30. Nb6 Rb7 31. g5 Rxb6 32. h5 Rbd6 33. g6 hxg6 34. h6 gxh6 0-1